Leaders & the leadership process : (Record no. 2045)

MARC details
000 -LEADER
fixed length control field 01565nam a2200241Ia 4500
020 ## - INTERNATIONAL STANDARD BOOK NUMBER
ISBN 9780073530284 (pbk.)
020 ## - INTERNATIONAL STANDARD BOOK NUMBER
ISBN 007353028X (pbk.)
020 ## - INTERNATIONAL STANDARD BOOK NUMBER
ISBN 9780071263764 (IE)
020 ## - INTERNATIONAL STANDARD BOOK NUMBER
ISBN 0071263764 (IE)
050 00 - CALL NUMBER
Classification number HM1261
Item number .L413 2008
245 00 - TITLE
Title Leaders & the leadership process :
Remainder of title readings, self-assessments & applications /
Statement of responsibility, etc [edited by] Jon L. Pierce, John W. Newstrom.
250 ## - EDITION
Edition statement 5th ed.
260 ## - PUBLICATION INFORMATION
Place of publication Boston :
Name of publisher McGraw-Hill Irwin,
Year of publication c2008.
300 ## - DESCRIPTION
Number of Pages xlvi, 530 p. :
Other physical details ill. ;
Dimensions 28 cm.
500 ## - NOTES
General note Previous edition: 2005. Includes index
505 ## - FORMATTED CONTENTS NOTE
Table of Content PART ONE: READINGS -- THE CONCEPTUAL AND EMPIRICAL LEADERSHIP LITERATURE Chapter 1: Introduction to Leadership Chapter 2: The Leader-Follower Relationship: Fairness, Trust, and Ethical Behavior Chapter 3: Leaders and the Role of Personal Traits Chapter 4: Leadership and the Role of Gender Chapter 5: Leader Emergence: A Dynamic Process Chapter 6: Leadership as an Influence Process Chapter 7: Leadership and Leader Behaviors Chapter 8: Leadership and Situational Differences Chapter 9: Leadership in the Cross-cultural Context Chapter 10: Followers and the Leadership Process Chapter 11: Participative Leadership Chapter 12: Substitutes for Leadership? Chapter 13: Charismatic Leadership Chapter 14: Transformational Leadership Chapter 15: The Dark Side of Leadership Epilogue: Does Leader Imposed Leadership Really Make a Difference?
650 #0 - SUBJECTS
Topical Term Leadership.
650 #0 - SUBJECTS
Topical Term Leadership
650 #0 - SUBJECTS
Topical Term Leadership
700 1# - OTHER AUTHORS
Personal name Pierce, Jon L.
700 1# - OTHER AUTHORS
Personal name Newstrom, John W.
942 ## - ADDED ENTRY ELEMENTS (KOHA)
Koha item type Books
Holdings
Withdrawn status Lost status Collection code Home library Current library Shelving location Date acquired Full call number Accession Number Koha item type
    Reference Methodist University Library Main Methodist University Library Main General Stacks 30/01/2018 HM1261 .L413 2008 30877 Books
    Reference Methodist University Library Main Methodist University Library Main General Stacks 30/01/2018 HM1261 .L413 2008 30799 Books
Copyright © 2026  MUG Library